01314nab a2200313 uc450000100070000000500170000700800410002403500110006503500210007604000130009704100080011024500250011860000280014361000680017165000390023965000410027865000510031965000790037065000740044965000670052365000880059065000300067865000260070865000310073465000330076565000320079865000260083077301440085672559920260427102452.0020314s1998 spa  a725599 a(OCoLC)819935876 ccomduadb aspa10aNuevas designaciones14aMoreno Gómez, William24aUniversidad de Antioquia.bFacultad Nacional de Salud Pública aUniversidad de Antioquia - Decanos aUniversidad de Antioquia - Posgrados aUniversidad de Antioquia. Facultad de Medicina aUniversidad de Antioquia. Facultad de Ciencias Exactas, Fisica y Naturales aUniversidad de Antioquia. Escuela Interamericana de Bibliotecología aUniversidad de Antioquia. Escuela de Nutrición y Dietética aUniversidad de Antioquia. Instituto Universitario de Educación Física y Deporte aQuintero Barrera, Gustavo aUribe Correa, Alberto aRaigoza Bohorquez, Nicolas aMolina Molina, Martha Silvia aMartínez Maluendas, Ligia aFlorez Trujillo, John0 tAlma Mater. Universidad de Antioquia (Medellín)gNúmero 462, Noviembre 1998, p. 3w(CO-MdUADB)700931x1657-43030212942o61000004291290